Актуальные вопросы прокурорской деятельности. Вып. 14 (Запись № 13457035)
[ простой вид ]
| 000 -МАРКЕР | |
|---|---|
| контрольное поле | 02749nam2a2200301 4500 |
| 001 - ИДЕНТИФИКАТОР ЗАПИСИ | |
| контрольное поле | RU\NLR\BIBL_A\022590052 |
| 005 - ИДЕНТИФИКАТОР ВЕРСИИ | |
| контрольное поле | 20251017140856.0 |
| 021 ## - НОМЕР ГОСУДАРСТВЕННОЙ РЕГИСТРАЦИИ | |
| Код страны | Российская Федерация |
| Номер | КН-П-25-032085 |
| Номер Листа государственной регистраци | КН-П-25-3172 |
| 035 ## - ДРУГИЕ СИСТЕМНЫЕ НОМЕРА | |
| Идентификатор записи | (NLR Aleph) 022590052 |
| 100 ## - ДАННЫЕ ОБЩЕЙ ОБРАБОТКИ | |
| Данные общей обработки | 20250723d2024 u y0rusy50 ca |
| 101 0# - ЯЗЫК РЕСУРСА | |
| Язык текста, звукозаписи и т.д. | русский |
| Язык резюме | английский |
| 102 ## - СТРАНА ПУБЛИКАЦИИ ИЛИ ПРОИЗВОДСТВА | |
| Страна публикации | Российская Федерация |
| 105 ## - ПОЛЕ КОДИРОВАННЫХ ДАННЫХ: ТЕКСТОВЫЕ МАТЕРИАЛЫ, МОНОГРАФИЧЕСКИЕ | |
| Кодированные данные о монографическом текстовом документе | y|||z|||000yy |
| 200 0# - ЗАГЛАВИЕ И СВЕДЕНИЯ ОБ ОТВЕТСТВЕННОСТИ | |
| Основное заглавие | Вып. 14 |
| Первые сведения об ответственности | Л. В. Готчина, Р.Д. Шарапов, Е. В. Баркалова [и др.] |
| Последующие сведения об ответственности | под редакцией государственного советника юстиции 2 класса, доктора юридических наук, профессора А. П. Спиридонова |
| -- | Санкт-Петербургский юридический институт (филиал) Университета прокуратуры Российской Федерации |
| 210 ## - ПУБЛИКАЦИЯ, РАСПРОСТРАНЕНИЕ И ДР. | |
| Место издания, распространения и т.д. | Санкт-Петербург |
| Имя издателя, распространителя и т. д. | Отдел научной информации и издательской деятельности Санкт-Петербургского юридического института (филиала) Университета прокуратуры Российской Федерации |
| Дата издания, распространения и т.д. | 2024 |
| 215 ## - ФИЗИЧЕСКАЯ ХАРАКТЕРИСТИКА | |
| Специфическое обозначение материала и объем | 231 с. |
| 300 ## - ОБЩИЕ ПРИМЕЧАНИЯ | |
| Текст примечания | Авт. указаны на обороте тит. с. |
| 300 ## - ОБЩИЕ ПРИМЕЧАНИЯ | |
| Текст примечания | Рез. англ. |
| 320 ## - ПРИМЕЧАНИЯ О НАЛИЧИИ В ДОКУМЕНТЕ БИБЛИОГРАФИИ / УКАЗАТЕЛЯ | |
| Текст примечания | Библиогр. в конце лекций и в подстроч. примеч. |
| 461 #0 - УРОВЕНЬ НАБОРА | |
| Встроенное поле | 001RU\NLR\BIBL_A\011268354 |
| -- | 2001#$aАктуальные вопросы прокурорской деятельности$eлекции$e[сборник]$fАкад. Генер. прокуратуры Рос. Федерации, Санкт-Петербургский юрид. ин-т (фил.)$g[под ред. Г. В. Штадлера]$vВып. 14 |
| Системный номер (АБИС) связанной записи | 10806767 |
| Место публикации | Санкт-Петербург |
| Дата публикации | 2015 |
| Первые сведения об ответственности | Акад. Генер. прокуратуры Рос. Федерации, Санкт-Петербургский юрид. ин-т (фил.) |
| Имя издателя, распространителя и т.д. | Редакционно-издательская лаборатория Санкт-Петербургского юридического института (филиала) Академии Генеральной прокуратуры РФ |
| Сведения, относящиеся к заглавию | лекции : [сборник] |
| Заглавие | Актуальные вопросы прокурорской деятельности |
| Номер тома | Вып. 14 |
| 701 #1 - ИМЯ ЛИЦА - АЛЬТЕРНАТИВНАЯ ОТВЕТСТВЕННОСТЬ | |
| Начальный элемент ввода | Готчина |
| Часть имени, кроме начального элемента ввода | Л. В. |
| Расширение инициалов личного имени | Лариса Владимировна |
| 701 #1 - ИМЯ ЛИЦА - АЛЬТЕРНАТИВНАЯ ОТВЕТСТВЕННОСТЬ | |
| Начальный элемент ввода | Шарапов |
| Часть имени, кроме начального элемента ввода | Р. Д. |
| Расширение инициалов личного имени | Роман Дмитриевич |
| 701 #1 - ИМЯ ЛИЦА - АЛЬТЕРНАТИВНАЯ ОТВЕТСТВЕННОСТЬ | |
| Начальный элемент ввода | Баркалова |
| Часть имени, кроме начального элемента ввода | Е. В. |
| Расширение инициалов личного имени | Елена Владимировна |
| 942 ## - ДОПОЛНИТЕЛЬНЫЕ ЭЛЕМЕНТЫ ЗАПИСИ (АБИС) | |
| Тип экземпляра АБИС | Книга |
| 980 ## - КОЛЛЕКЦИЯ | |
| Название коллекции | Национальная библиография |
Нет доступных экземпляров.